Biological management of soil ecosystems for sustainable agriculture : (Record no. 480372)

000 -LEADER
fixed length control field 01630cam a22003737a 4500
001 - CONTROL NUMBER
control field 13476813
003 - CONTROL NUMBER IDENTIFIER
control field ASAB
005 - DATE AND TIME OF LATEST TRANSACTION
control field 20180827062721.0
008 - FIXED-LENGTH DATA ELEMENTS--GENERAL INFORMATION
fixed length control field 040202s2003 it a b i100 0 eng d
010 ## - LIBRARY OF CONGRESS CONTROL NUMBER
LC control number 2004371959
020 ## - INTERNATIONAL STANDARD BOOK NUMBER
International Standard Book Number 9251049661
035 ## - SYSTEM CONTROL NUMBER
System control number (OCoLC)ocm53907306
040 ## - CATALOGING SOURCE
Transcribing agency ASAB
050 00 - LIBRARY OF CONGRESS CALL NUMBER
Classification number S591
Item number .W875 no. 101
082 ## - DEWEY DECIMAL CLASSIFICATION NUMBER
Classification number 631.4
240 ## - UNIFORM TITLE
Uniform title World Soil Resources Reports
245 00 - TITLE STATEMENT
Title Biological management of soil ecosystems for sustainable agriculture :
Remainder of title report of the International Technical Workshop, organized by EMBRAPA-Soybean and FAO, Londrina, Brazil 24 to 27 June 2002.
Statement of responsibility, etc. by Scientific publishers (India), Jodhpur
260 ## - PUBLICATION, DISTRIBUTION, ETC.
Place of publication, distribution, etc. India :
Name of publisher, distributor, etc. Food and Agriculture Organizaton for the United Nations,
Date of publication, distribution, etc. 2003.
300 ## - PHYSICAL DESCRIPTION
Extent xii, 102 p. :
Other physical details col. ill. ;
Dimensions 30 cm.
440 #0 - SERIES STATEMENT/ADDED ENTRY--TITLE
Title World soil resources reports,
International Standard Serial Number 0532-0488 ;
Volume/sequential designation 101
9 (RLIN) 2437
500 ## - GENERAL NOTE
General note "This workshop report has been prepared by the workshop facilitators, Sally Bunning ... and Adriana Montañez"--P. vi.
504 ## - BIBLIOGRAPHY, ETC. NOTE
Bibliography, etc. note Includes bibliographical references (p. 55).
630 ## - SUBJECT ADDED ENTRY--UNIFORM TITLE
Uniform title Biological management
9 (RLIN) 3740
630 ## - SUBJECT ADDED ENTRY--UNIFORM TITLE
Uniform title Soil Ecosystem
9 (RLIN) 3741
630 ## - SUBJECT ADDED ENTRY--UNIFORM TITLE
Uniform title Sustainable Agriculture
9 (RLIN) 3742
650 #0 - SUBJECT ADDED ENTRY--TOPICAL TERM
Topical term or geographic name entry element Sustainable agriculture
Form subdivision Congresses.
9 (RLIN) 2438
700 1# - ADDED ENTRY--PERSONAL NAME
Personal name Bunning, Sally.
9 (RLIN) 2439
700 1# - ADDED ENTRY--PERSONAL NAME
Personal name Montañez, Adriana.
9 (RLIN) 2440
710 2# - ADDED ENTRY--CORPORATE NAME
Corporate name or jurisdiction name as entry element Empresa Brasileira de Pesquisa Agropecuária.
9 (RLIN) 2441
710 2# - ADDED ENTRY--CORPORATE NAME
Corporate name or jurisdiction name as entry element Food and Agriculture Organization of the United Nations.
9 (RLIN) 2442
906 ## - LOCAL DATA ELEMENT F, LDF (RLIN)
a 7
b cbc
c copycat
d 3
e ncip
f 20
g y-gencatlg
942 ## - ADDED ENTRY ELEMENTS (KOHA)
Source of classification or shelving scheme
Koha item type Book
Holdings
Withdrawn status Lost status Source of classification or shelving scheme Damaged status Not for loan Collection code Permanent Location Current Location Date acquired Total Checkouts Full call number Barcode Date last seen Price effective from Koha item type
            Central Library (CL) Central Library (CL) 12/01/2016   631.4 SCI ASAB1867 04/27/2018 12/01/2016 Book
© 2023 Central Library, National University of Sciences and Technology. All Rights Reserved.